<?xml version="1.0" encoding="UTF-8"?>
<record
    xmlns:xsi="http://www.w3.org/2001/XMLSchema-instance"
    xsi:schemaLocation="http://www.loc.gov/MARC21/slim http://www.loc.gov/standards/marcxml/schema/MARC21slim.xsd"
    xmlns="http://www.loc.gov/MARC21/slim">

  <leader>00248nam a2200097Ia 4500</leader>
  <controlfield tag="001">1191524</controlfield>
  <controlfield tag="005">20250827021637.0</controlfield>
  <controlfield tag="008">250824s9999    xx            000 0 und d</controlfield>
  <datafield tag="245" ind1=" " ind2="0">
    <subfield code="a">YED&#x130;LER&#x130;N G&#x130;ZEM&#x130;</subfield>
    <subfield code="c">AGATHA CHRISTIE</subfield>
  </datafield>
  <datafield tag="260" ind1=" " ind2=" ">
    <subfield code="b">ALTIN YAYINCILIK</subfield>
  </datafield>
  <datafield tag="999" ind1=" " ind2=" ">
    <subfield code="c">1191524</subfield>
    <subfield code="d">1191524</subfield>
  </datafield>
  <datafield tag="952" ind1=" " ind2=" ">
    <subfield code="0">0</subfield>
    <subfield code="1">0</subfield>
    <subfield code="4">0</subfield>
    <subfield code="7">0</subfield>
    <subfield code="a">1099</subfield>
    <subfield code="b">1099</subfield>
    <subfield code="d">2025-08-24</subfield>
    <subfield code="l">2</subfield>
    <subfield code="p">10995346</subfield>
    <subfield code="r">2025-12-18 11:37:49</subfield>
    <subfield code="s">2025-12-04</subfield>
    <subfield code="w">2025-08-27</subfield>
    <subfield code="y">BK</subfield>
  </datafield>
</record>
